मानव-तनाव और निदान / (Record no. 71489)

MARC details
000 -LEADER
fixed length control field 01293nam a22002777a 4500
005 - DATE AND TIME OF LATEST TRANSACTION
control field 2012112006036.0
008 - FIXED-LENGTH DATA ELEMENTS--GENERAL INFORMATION
fixed length control field 090408t xxu||||| |||| 00| 0 hin d
010 ## - LCCN (DPL NO)
LC control number HIN-97423
020 ## - INTERNATIONAL STANDARD BOOK NUMBER
Terms of availability 495.00
International Standard Book Number 9788188170887
035 ## - SYSTEM CONTROL NUMBER
System control number HN-69769
037 ## - SOURCE OF ACQUISITION
Source of stock number/acquisition DBAD / PUB
040 ## - CATALOGING SOURCE
Original cataloging agency DPL
Language of cataloging HN
082 ## - DEWEY DECIMAL CLASSIFICATION NUMBER
Classification number 155.904
100 ## - MAIN ENTRY--PERSONAL NAME
9 (RLIN) 27482
Personal name सिंह, शारदानन्द
245 ## - TITLE STATEMENT
Title मानव-तनाव और निदान /
Statement of responsibility, etc शारदानन्द सिंह; रमेश बंगालिया द्वारा संपादित
260 ## - PUBLICATION, DISTRIBUTION, ETC. (IMPRINT)
Name of publisher, distributor, etc मंजुली प्रकाशन
Date of publication, distribution, etc 2012
Place of publication, distribution, etc नई दिल्ली
270 ## - ADDRESS
Address पी-4, पिलंजी सरोजिनी नगर
City नई दिल्ली
Postal code 110023
Telephone number 011- 26114151
Electronic mail address Manjuli_prakashan@rediffmail.com
300 1# - PHYSICAL DESCRIPTION
Extent 232पृ.
Dimensions 22सेमी (सजिल्द)
650 ## - SUBJECT ADDED ENTRY--TOPICAL TERM
9 (RLIN) 1169
700 ## - ADDED ENTRY--PERSONAL NAME
9 (RLIN) 27483
Personal name बंगालिया, रमेश
700 ## - ADDED ENTRY--PERSONAL NAME
9 (RLIN) 53630
710 ## - ADDED ENTRY--CORPORATE NAME
9 (RLIN) 52094
711 ## - ADDED ENTRY--MEETING NAME
9 (RLIN) 52444
942 ## - ADDED ENTRY ELEMENTS (KOHA)
Institution code [OBSOLETE] dpl
Item type Hindi Books
Source of classification or shelving scheme Dewey Decimal Classification
Call number suffix सिंहशा
Classification part 155.904
Holdings
Withdrawn status Lost status Source of classification or shelving scheme Damaged status Not for loan Collection code Home library Current library Date acquired Source of acquisition Cost, normal purchase price Total Checkouts Full call number Barcode Date last seen Copy number Cost, replacement price Koha item type
    Dewey Decimal Classification   Not For Loan Non-fiction D.B.Act.Division D.B.Act.Division 20/11/2012 DBAD / PUB 495.00   155.904 सिंहशा HN-69769 20/11/2012 1 495.00 Hindi Books

© Delhi Public Library
Hit Counter
free hit counter